[Event "15th SC 1400/1800"]
[Site "SchemingMind.com"]
[Date "2006.07.29"]
[Round "-"]
[White "echecs"]
[Black "McKnights"]
[Result "0-1"]
[WhiteCountry "ENG"]
[BlackCountry "USA"]
[WhiteElo "1651"]
[WhiteRD "71"]
[BlackElo "1776"]
[BlackRD "60"]
[GameID "61540"]

1. b4 d5 2. Bb2 Nd7 3. e3 e5 4. a3 Ngf6 5. c4 dxc4 6. Bxc4 Nb6 7. Bb3 Bd6 8. Nf3 Bg4 9. Qc2 Bxf3 10. gxf3 O-O
11. Nc3 Re8 12. Ne4 Rc8 13. Ng5 Re7 14. f4 Nbd7 15. h4 h6 16. O-O-O c5 17. bxc5 Bxc5 18. Nxf7 Rxf7 19. Bxf7+ Kxf7 20. Qb3+ Kf8
21. fxe5 Nxe5 22. Bxe5 Bd4+ 23. Kb1 Bxe5 24. d4 Bd6 25. f3 Rc6 26. Qa2 Qa5 27. Rc1 Qb5+ 28. Ka1 Ra6 29. Rc3 Nd5 30. Rb3 Qd7
31. e4 Nb4 32. Qb2 Nc6 33. Rxb7 Qc8 34. Rb3 Qc7 35. e5 Nxe5 36. Rc1 Nc6 37. Rcc3 Qd7 38. Qe2 Nxd4 39. Qxa6 Nxb3+ 40. Rxb3 Be5+
0-1

[Event "15th SC 1400/1800"]
[Site "SchemingMind.com"]
[Date "2006.07.29"]
[Round "-"]
[White "Gilligan"]
[Black "McKnights"]
[Result "1-0"]
[WhiteCountry "USA"]
[BlackCountry "USA"]
[WhiteElo "1627"]
[WhiteRD "72"]
[BlackElo "1776"]
[BlackRD "60"]
[GameID "61541"]

1. e4 d5 2. exd5 Nf6 3. Nf3 Nxd5 4. c3 e6 5. d4 Bd7 6. Bd3 Bd6 7. O-O Nf4 8. Be3 Qe7 9. Qd2 Nxd3 10. Qxd3 Bc6
11. Nbd2 Nd7 12. Rfe1 O-O-O 13. Rad1 f5 14. d5 Bxd5 15. Bg5 Nf6 16. Nc4 h6 17. Nxd6+ Rxd6 18. Bf4 Rc6 19. Ne5 Qe8 20. Nxc6 Qxc6
21. f3 Bxa2 22. Ra1 Bc4 23. Qd4 Rd8 24. Qxa7 g5 25. Be5 Nd5 26. Qa3 Ba6 27. Rad1 Rg8 28. c4 Bxc4 29. Qa8+ Kd7 30. Qxg8 b6
31. Qf7+ Kc8 32. Qf8+ Kb7 33. Bd4 Qb5 34. Ra1
1-0